|
|
|
|
| LEADER |
00000naa a2200000uu 4500 |
| 001 |
vtls011073453 |
| 003 |
SK-MaSNL |
| 005 |
20260302111135.0 |
| 008 |
210908|2002 xo |||||||||||||||||eng| |
| 015 |
|
|
|a SNBRA
|
| 035 |
|
|
|a (urnnbn)urn:nbn:sk:snk:ar-a0cch4
|
| 035 |
|
|
|a (uuid)d258c169-5d83-4d1f-b2f2-eef0984d3ce7
|
| 035 |
|
|
|a urn:nbn:sk:snk-aavipc
|
| 040 |
|
|
|a SNKBUCL
|b slo
|c SNKBUCL
|e AACR2
|
| 041 |
0 |
|
|a eng
|
| 044 |
|
|
|a xo
|c SK
|
| 100 |
1 |
|
|a Szedenik, N.
|4 aut
|9 788159
|
| 245 |
1 |
0 |
|a OPEN ENERGY MARKET - POWER QUALITY
|c N. Szedenik, I. Berta, I. Kiss
|
| 700 |
1 |
|
|a Berta, I.
|4 aut
|9 438869
|
| 700 |
1 |
|
|a Kiss, I.
|4 aut
|9 376319
|
| 773 |
0 |
|
|t Scientific colloquium on high voltage engineering
|d Košice : Technical University, 2002
|g S. 9-13
|z 8089061540
|
| 958 |
|
|
|a OND
|
| 958 |
|
|
|a article12
|
| 958 |
|
|
|a chapter
|
| 999 |
|
|
|c 1246439
|d 1248369
|